| 000 | 00594cam a22002291 4500 | ||
|---|---|---|---|
| 001 | sa 66004877 | ||
| 003 | DLC | ||
| 005 | 20260227112245.0 | ||
| 008 | 890921s1962 ii a 000 0 urdr | ||
| 010 | _asa 66004877 | ||
| 035 | _a(OCoLC)20376846 | ||
| 040 |
_aDLC _cWaU _dDLC |
||
| 042 | _apremarc | ||
| 050 | 0 | 0 |
_aPJ6696 _b.H8 |
| 100 | 1 |
_aHusaini, Qari Syed Kalimullah, _d1904- |
|
| 245 | 1 | 0 | _aSahal tajvīd. |
| 260 |
_a[Hyderabad] _c1962. |
||
| 300 |
_a88 p. _billus. _c18 cm. |
||
| 500 | _aIn Urdu. | ||
| 630 | 0 | 0 |
_aQurʼan _xLanguage, style. |
| 650 | 0 |
_aArabic language _xPronunciation. |
|
| 999 |
_c69643 _d69643 |
||